000 01301cam a2200397 i 4500
001 18241117
003 NUST - PNEC
005 20170116181200.0
007 ta
008 140417s2014 ii a b 000 0 eng d
010 _a 2014356517
020 _a9789383154128
020 _a9383154128
025 _aI-E-2014-356517; 63-90; 63-01
035 _a(OCoLC)ocn879524308
035 _a(OCoLC)879524308
037 _aLibrary of Congress -- New Delhi Overseas Office
040 _aDKAGE
_beng
_erda
_cLIBRARY
042 _alccopycat
_alcode
043 _aa-pk---
_aa------
050 0 0 _aDS383.5.A2
_bS78 2014
082 0 4 _a327.549105 MIS
_223
100 _916279
_aMishra, Sylvia
245 0 0 _aStudies on Pakistan /
_ceditor, Sylvia Mishra.
260 _aNew Delhi:
_bParagon International Publishers;
_cc2014.
300 _axi, 292 pages :
_billustrations ;
_c24 cm.
490 0 _aCountry-specific study project ;
_vv. 2
500 _a"Prepared under the supervision of Dr. Mahendra Gaur, Director, F.P.R.C. New Delhi."
504 _aIncludes bibliographical references.
650 _xGeneral
651 0 _aPakistan
_xForeign relations.
700 1 _aMishra, Sylvia,
_eeditor.
906 _a7
_bcbc
_ccopycat
_d3
_encip
_f20
_gy-gencatlg
942 _2ddc
_cBK
999 _c71396
_d71396